La moral sexual explicada a los jóvenes

Saved in:
Bibliografiske detaljer
Hovedforfatter: Léonard, André (Author)
Format: Bog
Sprog:spansk
Udgivet: Madrid Palabra 1994
Fag:
Tags: Tilføj Tag
Ingen Tags, Vær først til at tagge denne postø!

MARC

LEADER 00000nam a2200000 a 4500
001 UCS5135
003 CL-VaPUC
008 970822e19940000SP |||||||||||||||||spa|d
082 0 4 |a 176  |b LEO  |2 21 
100 |a Léonard, André  |e author  |9 481100 
245 1 3 |a La moral sexual explicada a los jóvenes 
300 |a 122 p 
942 |c BK 
945 |d 19970822 00:00:00  |a aalvarez 
260 |a Madrid  |b Palabra  |c 1994 
650 0 |a Moral  |9 265913 
650 7 |a ETICA SEXUAL  |2 CL-VaPUC  |9 390940 
650 0 |a Educación sexual  |9 308005 
650 0 |a Juventud  |9 271073 
583 |a last modification  |c 20170726 05:41:37  |k Rodrigo Vera 
999 |c 261771  |d 261769 
952 |0 0  |1 0  |4 0  |6 176_000000000000000_LEO_1994  |7 0  |8 A  |9 289548  |a BIBTEO  |b BIBTEO  |d 2019-11-19  |i 3333817  |o 176 LEO 1994  |p 3333817  |r 2025-01-17  |w 2019-11-19  |y BK  |k ICR